000 02778cam a22004454i 4500
003 PE-LiUPU
005 20250731165422.0
008 160111s2014 pe a grm 000 0 spa d
035 _a(Sirsi) a155652
040 _aPE-LiUPU
_bspa
_cPE-LiUPU
_erda
099 _aTEF 3
_bMZ22 2014
100 1 _aManturano Velásquez, Zenaida Doylitt
_eautor
245 1 _aConocimiento y práctica de autocuidado del profesional de enfermería del servicio de pediatría del Hospital Nacional Guillermo Almenara Irigoyen, 2013 /
_cZenaida Doylitt Maturano Velásquez.
264 0 _c2014.
300 _a137 hojas
_c30 cm
336 _atext
_2rdacontent
337 _aunmediated
_2rdamedia
338 _avolume
_2rdacarrier
502 _aTesis
_b(Mg.) --
_cUniversidad Peruana Unión,
_d2014.
504 _aIncluye bibliografía
520 3 _a"El autocuidado" es la práctica de actividades que los individuos realizan para el mantenimiento de su propia vida, salud y bienestar. El presente estudio tiene el objetivo de determinar la relación entre conocimiento y práctica de autocuidado del profesional de enfermería en el servicio de pediatría del Hospital Nacional Guillermo Almenara Irigoyen; la muestra estuvo constituida por 45 enfermeras. La investigación es de tipo descriptivo correlacional, porque se realizó un diagnóstico de las variables de estudio; cuantitativa, porque se midió la variable de estudio; y de diseño no experimental, de corte transversal, porque se recolectó los datos en un solo momento, con el uso de dos cuestionarios diferentes para cada variable, aplicándose primero el cuestionario de práctica. En el estudio queda la evidencia de la relación entre conocimiento y práctica de autocuidado en el profesional de enfermería del servicio de pediatría; el 42.2% de la muestra se encuentra dentro de la escala de no conocer sobre autocuidado y, por lo tanto, muestra una práctica inadecuada sobre el mismo; cabe resaltar que existe un 8.9% del profesional de enfermería, el cual a pesar de no conocer sobre autocuidado tiene prácticas adecuadas de autocuidado. En conclusión, existe relación entre los conocimientos que el profesional de enfermería posee con las prácticas sobre su autocuidado.
526 _aSEG44
526 _aSEG26
526 _aP151
526 _aP150
526 _aP149
526 _aP146
526 _aP145
526 _aP126
526 _aP125
526 _aP92
526 _aP75
526 _aP74
526 _aP27
526 _aP15
650 0 4 _aEnfermeras
_xCuidado e higiene.
596 _a1
942 _2ddc
_cTESIS
999 _aTEF 3 MZ22 2014
_wALPHANUM
_c8327
_iT01504
_lCCODEBUL3
_mBUL
_r1
_sY
_tTESIS
_u2016-1-11
_xPOSGRADO
_PP69
_o.STAFF. Tesis
_d8327
980 _81
_gALBERTO SANCHEZ Responsable de Automatización